000 00928nam a22003017a 4500
003 CHAP
005 20220329134302.0
008 971013s1977 r 00010 d
010 _a18131
011 _a19103
035 _a23188
040 _cCHAP
090 _aFolleto 7289
100 0 0 _aDemarquilly, C.
_931722
245 _aTablas del valor nutritivo y alimenticio de los forrajes
260 _aMadrid :
_bInstituto Nacional de Investigaciones Agrarias,
_c1977
300 _a27 p.
490 _aHoja técnica
_v; 16
590 _aBATCH-UPD
_b10
_c20130110
_lUCH01
_h2010
590 _aBATCH-UPD
_b10
_c20130410
_lUCH01
_h1329
590 _aBATCH-UPD
_b10
_c20130914
_lUCH01
_h1430
590 _aCONVERSION
_b10
_c20130109
_lUCH01
_h1311
650 1 4 _aForrajes
_xValor nutritivo.
_942601
830 0 _aHoja técnica
_v; 16
_955855
901 _aBK
942 _cFOLL
949 _aFolleto 7289
_bBC
_cFOLL
_d-54050
_eTS1
_i23188
_si
999 _c18131
_d18131